Central Library OPAC University of Rajshahi

The Rights revolution : (Record no. 43946)

MARC details
000 -LEADER
fixed length control field 00717nam a2200217 a 4500
001 - CONTROL NUMBER
control field 43946
003 - CONTROL NUMBER IDENTIFIER
rucl marc code BD-RjUL
005 - DATE AND TIME OF LATEST TRANSACTION
control field 20211209053756.0
008 - FIXED-LENGTH DATA ELEMENTS--GENERAL INFORMATION
fixed length control field 160629s1978 wau||||| |||| 001 0 eng d
035 ## - SYSTEM CONTROL NUMBER
System control number (BD-RjUL) 44064
040 ## - CATALOGING SOURCE
Original cataloging agency BD-RjUL
Language of cataloging eng
Transcribing agency BD-RjUL
041 ## - LANGUAGE CODE
Language code of text/sound track or separate title eng
082 ## - DEWEY DECIMAL CLASSIFICATION NUMBER
Edition number 23
Classification number 323.40973
Author mark and year RIG 1978
245 ## - TITLE STATEMENT
Title The Rights revolution :
Remainder of title timely reports to keep journalists, scholars and the public abreast of developing issues, events and trends /
Statement of responsibility, etc. Hoyt Gimlin.
260 ## - PUBLICATION, DISTRIBUTION, ETC. (IMPRINT)
Place of publication, distribution, etc. Washington, D.C. :
Name of publisher, distributor, etc. Congressional Quarterly,
Date of publication, distribution, etc. 1978
300 ## - PHYSICAL DESCRIPTION
Pagination 217 p. ;
Size 22 cm.
500 ## - GENERAL NOTE
General note Includes index
650 ## - SUBJECT ADDED ENTRY--TOPICAL TERM
Topical term or geographic name as entry element Civil rights
Geographic subdivision United States
9 (RLIN) 135010
700 ## - ADDED ENTRY--PERSONAL NAME
Personal name Gimlin, Hoyt.
942 ## - ADDED ENTRY ELEMENTS (KOHA)
Source of classification or shelving scheme Dewey Decimal Classification
Koha item type Books
Holdings
Lost status Source of classification or shelving scheme Damaged status Not for loan Collection code Permanent Location Current Location Shelving location Date acquired Source of acquisition Total Checkouts Full call number Date last seen Copy number Koha item type
  Dewey Decimal Classification     Non-fiction Central Library, University of Rajshahi Central Library, University of Rajshahi   11/09/1986 Asia foundation   323.40973 RIG 1978 29/06/2016 C-2 Books